| 000 | 00449cam a22001337a 4500 | ||
|---|---|---|---|
| 008 | 180718b1991 xxu||||| |||| 00| 0 eng d | ||
| 082 | _aAPPPA 90-91 BAS/S | ||
| 100 | _aBasu, Sunipa | ||
| 245 |
_aImpact of government policies and programmes on economically weak women _cby Sunipa Basu |
||
| 260 |
_aNew Delhi _bIndian Institute of Public Administration _c1991 |
||
| 300 | _a196+p. | ||
| 650 | _aProgrammes-Women | ||
| 650 | _aGovernment policies-Women | ||
| 999 |
_c501544 _d501544 |
||